Военно-морская идея России: Духовное наследие Императорского флота

Bibliografiset tiedot
Muut tekijät: Савинкин А. Е. (редактор)
Kieli:venäjä
Julkaistu: Москва, Русский путь, 1999
Painos:2-е изд., испр. и доп.
Sarja:Российский военный сборник
Aiheet:
Aineistotyyppi: Kirja
KOHA link:https://koha.lib.tpu.ru/cgi-bin/koha/opac-detail.pl?biblionumber=61766

MARC

LEADER 00000nam0a2200000 4500
001 61766
005 20231031062802.0
010 |a 5858870635 
035 |a (RuTPU)RU\TPU\book\65375 
090 |a 61766 
100 |a 20040322d1999 km y0rusy50 ca 
101 0 |a rus 
102 |a RU 
105 |a y z 000zy 
200 1 |a Военно-морская идея России  |e Духовное наследие Императорского флота  |f Под ред. А. Е. Савинкина 
205 |a 2-е изд., испр. и доп. 
210 |a Москва  |c Русский путь  |d 1999 
215 |a 546 с. 
225 1 |a Российский военный сборник 
610 1 |a военное дело 
610 1 |a Россия 
610 1 |a военно-морской флот 
610 1 |a история 
610 1 |a Императорский российский флот 
610 1 |a 18 век 
610 1 |a 19 век 
610 1 |a военно-морская идея 
686 |a Ц35(2)  |v LBC/SL-A  |2 rubbk 
686 |a Ц66.6(2)  |v LBC/SL-A  |2 rubbk 
702 1 |a Савинкин  |b А. Е.  |4 340 
801 1 |a RU  |b 63413507  |c 20040322  |g PSBO 
801 2 |a RU  |b 63413507  |c 20221205  |g PSBO 
942 |c BK